000 00856nam a2200217 a 4500
001 54529
003 BD-RjUL
005 20211209080132.0
008 161107r19521943ii ||||| |||| 00| 0 ben d
035 _a(BD-RjUL)54651
040 _aBD-RjUL
_bben
_cBD-RjUL
_dBD-RjUL
041 _aben
082 _223
_a612
_bPAS 1952
100 _aপাল, রুদ্রেন্দ্র কুমার
_9162670
245 1 0 _aশারীরবৃত্ত /
_cরুদ্রেন্দ্র কুমার পাল
260 _aকলিকাতা :
_bবিশ্বভারতী,
_c১৯৪৩ [পুর্নমুদ্রণ ১৯৫২].
300 _a৫৭ পৃ. :
_bচিত্র ;
_c১৭ সেমি.
650 _aমানুষের শরীরবিদ্যা
_9162671
650 _aHuman Physiology
_9162672
942 _2ddc
_cBK
999 _c54529
_d54529